[Event "Montreal Pere Noel op"]
[Site "Montreal"]
[Date "2024.12.30"]
[Round "5"]
[White "Dudko, Andrii"]
[Black "Genzling, Jerome"]
[Result "0-1"]
[WhiteElo "1781"]
[BlackElo "2059"]
[PlyCount "88"]
[EventDate "2024.12.27"]
[EventType "swiss"]
[EventRounds "5"]
[EventCountry "CAN"]
[SourceTitle "CB04_2025"]
[SourceDate "2025.01.22"]
[SourceVersion "1"]
[SourceVersionDate "2025.01.22"]
[SourceQuality "1"]

1. e4 c5 2. Nf3 Nc6 3. d4 cxd4 4. Nxd4 g6 5. Nc3 Bg7 6. Be3 Nf6 7. Bc4 Qa5 8. f3 Qb4 9. Bb3 Nxe4 10. fxe4 Bxd4 11. Bxd4 Qxd4 12. Qe2 0-0 13. h4 h6 14. Rd1 Qe5 15. Qe3 Kh7 16. Rd5 Qg7 17. h5 g5 18. 0-0 d6 19. Ne2 Be6 20. Rb5 Bxb3 21. Rxb3 b6 22. Qf2 Ne5 23. Rc3 Kg8 24. a4 Rac8 25. Rxc8 Rxc8 26. Nc3 Rc4 27. Nd5 Nc6 28. Qf5 Qf8 29. c3 Ne5 30. b3 Rc5 31. c4 Qd8 32. Rd1 Kg7 33. Qh3 a6 34. Ne3 e6 35. Ng4 Nxg4 36. Qxg4 b5 37. cxb5 axb5 38. Qe2 bxa4 39. Qb2+ Qf6 40. Qxf6+ Kxf6 41. bxa4 Ke5 42. Kf2 Ra5 43. Rb1 Rxa4 44. Rb5+ Kf4 0-1

[Event "Montreal Maplewood Cup"]
[Site "Montreal"]
[Date "2024.05.31"]
[Round "1"]
[White "Lin, Leo"]
[Black "Dudko, Andrii"]
[Result "0-1"]
[WhiteElo "2129"]
[BlackElo "1727"]
[PlyCount "68"]
[EventDate "2024.05.31"]
[EventType "swiss"]
[EventRounds "6"]
[EventCountry "CAN"]
[SourceTitle "CBM 220 Extra"]
[Source "ChessBase"]
[SourceDate "2024.07.31"]
[SourceVersion "1"]
[SourceVersionDate "2024.07.31"]
[SourceQuality "1"]

1. e4 c5 2. Nc3 Nc6 3. Bb5 g6 4. Bxc6 dxc6 5. d3 Bg7 6. f4 Nf6 7. Nf3 0-0 8. 0-0 Qc7 9. Kh1 Rd8 10. Qe2 b6 11. Nh4 e5 12. f5 b5 13. Bg5 Qd6 14. Qf2 Rf8 15. h3 Ba6 16. Be3 Nd7 17. a3 Bb7 18. a4 b4 19. Nb1 b3 20. cxb3 Ba6 21. Na3 Bxd3 22. Rfd1 Nf6 23. Nc4 Qd8 24. Qe1 Nxe4 25. Ra3 Qd5 26. Nf3 Rfd8 27. fxg6 fxg6 28. Qh4 Bf6 29. Qg4 Nd6 30. Ncxe5 Bxe5 31. Nxe5 Qxe5 32. Rxd3 Nf5 33. Qc4+ Kg7 34. Bf4 Qxb2 0-1